LEADER 01109nam--2200385---450- 001 990002176270203316 005 20091014115034.0 010 $a0-300-10155-4 035 $a000217627 035 $aUSA01000217627 035 $a(ALEPH)000217627USA01 035 $a000217627 100 $a20041116d2004----km-y0itay0103----ba 101 $aeng 102 $aUS 105 $ay|||z|||001yy 200 1 $a<> insider's guide to the UN$fLinda Fasulo 210 $aNew Haven$cYale University Press$d2004 215 $aXVIII, 245 p.$d21 cm 410 0$12001 454 1$12001 461 1$1001-------$12001 606 0 $aNazioni Unite 676 $a341.23 700 1$aFASULO,$bLinda$0568683 801 0$aIT$bsalbc$gISBD 912 $a990002176270203316 951 $aXXIII.2.B. 105 (IG VIII 8 663)$b41660 G.$cXXIII.2.B. 105 (IG VIII 8)$d00134090 959 $aBK 969 $aGIU 979 $aFIORELLA$b90$c20041116$lUSA01$h1023 979 $aFIORELLA$b90$c20041116$lUSA01$h1024 979 $aRSIAV2$b90$c20091014$lUSA01$h1150 996 $aInsider's guide to the UN$91033781 997 $aUNISA LEADER 02295nam 2200529 450 001 9910815007503321 005 20230607210044.0 010 $a1-4766-0807-5 035 $a(CKB)3710000000473191 035 $a(EBL)4390715 035 $a(MiAaPQ)EBC4390715 035 $a(EXLCZ)993710000000473191 100 $a20010619h20022002 uy| 0 101 0 $aeng 135 $aur|n|---||||| 181 $2rdacontent 182 $2rdamedia 183 $2rdacarrier 200 10$aSuicide in the entertainment industry $ean encyclopedia of 840 twentieth-century cases /$fDavid K. Frasier ; foreword by Kenneth Anger 210 1$aJefferson, North Carolina :$cMcFarland,$d[2002] 210 4$dİ2002 215 $a1 online resource (441 p.) 300 $aDescription based upon print version of record. 311 $a0-7864-2333-1 320 $aIncludes bibliographical references (pages 357-363) and index. 330 $a""Morbidly fascinating""--Choice; ""recommended""--Catholic Library World; ""fascinating""--C&RL News; ""everyone interested in the lives of entertainers will enjoy this book...much popular appeal ""--Public Library Quarterly; ""filled with fascinating stories...mesmerizing reading, alluring""--Classic Images; ""invaluable""--Mondo Cult. This work covers 840 intentional suicide cases initially reported from mainstream news media. These cases are taken from the ranks of vaudeville, film, theatre, dance, music, literature, and other allied fields in the entertainment industry from 1905 through 606 $aEntertainers$vBiography$vDictionaries 606 $aCelebrities$vBiography$vDictionaries 606 $aEntertainers$xSuicidal behavior 606 $aCelebrities$xSuicidal behavior 606 $aEntertainers$xDeath 606 $aCelebrities$xDeath 615 0$aEntertainers 615 0$aCelebrities 615 0$aEntertainers$xSuicidal behavior. 615 0$aCelebrities$xSuicidal behavior. 615 0$aEntertainers$xDeath. 615 0$aCelebrities$xDeath. 676 $a791.0922 700 $aFrasier$b David K.$f1951-$01647459 801 0$bMiAaPQ 801 1$bMiAaPQ 801 2$bMiAaPQ 906 $aBOOK 912 $a9910815007503321 996 $aSuicide in the entertainment industry$93994994 997 $aUNINA